000 00311nam a2200133 a 4500
082 0 0 _a297 CHIL
100 _aChinniah, T I
245 _aLiterature on Islam in Telugu
260 _aHyderabad
_bOsmania University
_c1976
300 _a171
650 _aIslam-Meccan Trade
700 1 _aChinniah, T I
942 _cRRB
999 _c4256
_d4256